Online
Catalog

The american tradition in literature / (Record no. 39632)

MARC details
000 -CABECERA
campo de control de longitud fija 00677nam a2200205 a 4500
001 - NÚMERO DE CONTROL
campo de control 000040142
005 - FECHA Y HORA DE LA ÚLTIMA TRANSACCIÓN
campo de control 20201002033937.0
008 - DATOS DE LONGITUD FIJA--INFORMACIÓN GENERAL
campo de control de longitud fija 130808s1990 xxuac r 000 0 spa d
020 ## - NÚMERO INTERNACIONAL ESTÁNDAR DEL LIBRO
Número Internacional Estándar del Libro 0070494215
040 ## - FUENTE DE LA CATALOGACIÓN
Centro catalogador/agencia de origen DO-SdBNP
Lengua de catalogación spa
Centro/agencia transcriptor BNPHU
082 ## - NÚMERO DE LA CLASIFICACIÓN DECIMAL DEWEY
Número de clasificación xxxx
Número de documento/Ítem xxxx
245 00 - MENCIÓN DE TÍTULO
Título The american tradition in literature /
Mención de responsabilidad, etc. editores George Perkins, Barbara Perkins.
250 ## - MENCIÓN DE EDICIÓN
Mención de edición 9a ed.
260 ## - PUBLICACIÓN, DISTRIBUCIÓN, ETC.
Lugar de publicación, distribución, etc. Boston, Estados Unidos :
Nombre del editor, distribuidor, etc. Mcgraw-Hill Collage,
Fecha de publicación, distribución, etc. 1990.
300 ## - DESCRIPCIÓN FÍSICA
Extensión v. :
Otras características físicas il., retrs. ;
Dimensiones 24 cm.
500 ## - NOTA GENERAL
Nota general Incluye referencias bibliográficas y índices
590 ## - NOTA LOCAL (RLIN)
Nota local Inventariado, 2019/BT
700 1# - PUNTO DE ACCESO ADICIONAL--NOMBRE DE PERSONA
Nombre de persona Perkins, George,
Término indicativo de función/relación ed.
9 (RLIN) 66414
700 1# - PUNTO DE ACCESO ADICIONAL--NOMBRE DE PERSONA
Nombre de persona Perkins, Barbara,
Término indicativo de función/relación ed.
9 (RLIN) 66415
Holdings
Estado de retiro Estado de pérdida Restricciones de uso No para préstamo Código de colección Localización permanente Ubicación/localización actual Ubicación en estantería Fecha de adquisición Número de inventario Total de préstamos Signatura topográfica completa Código de barras Fecha visto por última vez Precio válido a partir de Tipo de ítem Koha
      Excluido de préstamo Monografías: Libros y Folletos General General Depósito 08.08.2013 LF1   xxxx xxxx 40142-10 25.06.2020 25.06.2020 No se presta

Powered by Koha